000 00666nam a2200217Ii 4500
003 JO-AjNU
008 230605s9999||||xx |||||||||||||| ||und||
017 _a1998/7854
040 _aJO-AjNU
_bara
_erda
_cJO-AjNU
041 _aara
050 1 4 _aDS37.8.A426 1998
100 3 _aعمارة، محمد,
_eauthor
_940567
245 0 0 _aمعارك العرب ضد الغزاة
250 _aط5
264 3 1 _aالقاهرة: دار الرشاد، 1998
300 _a179ص
336 _atext
_btxt
_2rdacontent
337 _aunmediated
_bn
_2rdamedia
338 _avolume
_bnc
_2rdacarrier
650 4 _aعرب- تاريخ، معارك- بلاد اسلامية
_940568
999 _aA17227
_c20795
_d20795